Erweiterung der bestehenden Aufwandprognosemodelle im Umfeld Softwareindividualentwicklungsprojekten im Marktbereich des Supply Chain Management dizertačná práca

Saved in:
Bibliographic Details
Main Author: Becker, Eric
Corporate Author: Fakulta podnikového manažmentu EU. Katedra manažmentu výroby a logistiky - zrušená
Other Authors: Molnár, Pavol
Format: Book
Language:Slovak
Published: Bratislava 2011
Subjects:
Tags: Add Tag
No Tags, Be the first to tag this record!

MARC

LEADER 00000nam a2200000 4500
001 0142406
005 20240821092432.4
041 0 |a slo 
044 |a SK 
245 1 0 |a Erweiterung der bestehenden Aufwandprognosemodelle im Umfeld Softwareindividualentwicklungsprojekten im Marktbereich des Supply Chain Management  |b dizertačná práca  |c Eric Becker ; školiteľ: Pavol Molnár 
264 1 |a Bratislava  |c 2011 
300 |a 162 s. 
610 2 0 |a náklady 
610 2 0 |a modely prognostické 
610 2 0 |a prognózy 
610 2 0 |a riadenie kvality 
610 2 0 |a softvér 
610 2 0 |a modelovanie 
100 1 |a Becker, Eric 
700 1 |a Molnár, Pavol 
710 2 |a Fakulta podnikového manažmentu EU. Katedra manažmentu výroby a logistiky - zrušená